| 000 | 00922cam a22002054a 4500 | ||
|---|---|---|---|
| 005 | 20250605163943.0 | ||
| 008 | 250528s ||||||||||||||||||||||||d | ||
| 035 | _a15105 | ||
| 020 | _a1861523580 | ||
| 040 |
_aGR-AtMCL _bgre _dGR-AtMCL _eAACR2 |
||
| 245 | 1 | _aBusiness in Context / An Introduction to Business and Its Environment: Third Edition | |
| 250 | _a3rd | ||
| 260 |
_bBusiness Press, _c2000 |
||
| 300 | _a522 | ||
| 520 | _aA dynamic and contemporary global perspective on business for anyone requiring an accessible introduction to the subject. Series Forward, Preface, Acknowledgements, The Concept of Business in Context, The Environment and Business, Organizational Aspects of Business, Management Strategy, Operations, Marketing, Human Resource Management, Finance and Accounting, References, Author and Subject Index. | ||
| 700 | 1 |
_aNeedle David _9952 |
|
| 942 | _cBK | ||
| 999 |
_c702 _d702 |
||